01475nam a2200241Ia 4500001001100000003001000011008004100021040002500062041001300087100001700100245012000117250001100237260008800248300002800336500025900364501011400623520025900737650001900996942000701015957000601022999004301028952016201071A933-35626IT-CnALBA170116s9999||||xx |||||||||||||| ||und|| aIT-CnALBAcIT-CnALBA aITALIANO aDU MAY LOUIS 0aLE PRUDENT VOYAGEUR. DESCRIPTION POLITIQUE DE TOUS LES ETATS DU MONDE. DE L'ASIE DE L'AFRIQUE ET DE L'AMERIQUE ET.  a1a ed. a GENEVEbWIDERHOLD HERMAN J. (CHEZ) c1681 [1° Ed.:1681 - Ed.Ling.Originale: 1681] a830 p. (prefazione: 44) a... E IN PARTICOLARE DELL'EUROPA. DESCRIZIONE DELL'ASIA AFRICA AMERICA, GRECIA, MOSCOVIA POLONIA... SPAGNA SAVOIA... FIRENZE MANTOVA, MODENA... DESCRIZIONE DI TUTTI GLI STATI DEL MONDO. STORIA UNIVERSALE. SINTESI GENERALE DELLA STORIA DI TUTTO IL MONDO.  aSocietà San Paolo EM - Piazza San Paolo, 14 - 12051 ALBA (CN) (non commercial uses only) ® Copyright 2017 a... E IN PARTICOLARE DELL'EUROPA. DESCRIZIONE DELL'ASIA AFRICA AMERICA, GRECIA, MOSCOVIA POLONIA... SPAGNA SAVOIA... FIRENZE MANTOVA, MODENA... DESCRIZIONE DI TUTTI GLI STATI DEL MONDO. STORIA UNIVERSALE. SINTESI GENERALE DELLA STORIA DI TUTTO IL MONDO.  aNAZIONI ESTERE cBK 71 a40390bSI g Copie: 1 c294453d294453 0010406A_9333562671aALBAbALBAd2017-01-16l0oA933-35626r2017-01-16 00:00:00w2017-01-16yBKz(data import: 16 gennaio 2017) - By Epidotti, Vaglietti.